The power of the blood of Jesus / (Record no. 5081)

MARC details
000 -LEADER
fixed length control field 00822nam a22002773a 4500
001 - CONTROL NUMBER
control field 16401612
003 - CONTROL NUMBER IDENTIFIER
control field GBCCL
005 - DATE AND TIME OF LATEST TRANSACTION
control field 20241126110533.0
008 - FIXED-LENGTH DATA ELEMENTS--GENERAL INFORMATION
fixed length control field 980409s1993 pau 000 0 eng d
010 ## -
-- 97812399
035 ## - SYSTEM CONTROL NUMBER
System control number (OCoLC)ocm38928152
040 ## - CATALOGING SOURCE
Original cataloging agency TLC
Transcribing agency TLC
Modifying agency DLC
050 00 -
-- CPB Box no. 404 vol. 1
082 ## - DEWEY DECIMAL CLASSIFICATION NUMBER
Classification number 232.3
Item number MUR
100 1# - MAIN ENTRY--PERSONAL NAME
Personal name Murray, Andrew,
Dates associated with a name 1828-1917.
9 (RLIN) 2842
245 14 - TITLE STATEMENT
Title The power of the blood of Jesus /
Statement of responsibility, etc. Andrew Murray.
250 ## - EDITION STATEMENT
Edition statement Indian ed.
260 ## - PUBLICATION, DISTRIBUTION, ETC.
Place of publication, distribution, etc. Madras :
Name of publisher, distributor, etc. Evangelical literature service,
Date of publication, distribution, etc. c1992.
300 ## - PHYSICAL DESCRIPTION
Extent 158 p. ;
Dimensions 18 cm.
650 #0 - SUBJECT ADDED ENTRY--TOPICAL TERM
Topical term or geographic name entry element Blood
General subdivision Religious aspects.
9 (RLIN) 9154
650 #0 - SUBJECT ADDED ENTRY--TOPICAL TERM
Topical term or geographic name entry element Atonement.
9 (RLIN) 3383
650 #0 - SUBJECT ADDED ENTRY--TOPICAL TERM
Topical term or geographic name entry element Redemption.
9 (RLIN) 7581
655 #7 - INDEX TERM--GENRE/FORM
Genre/form data or focus term Religious fiction.
Source of term lcsh
9 (RLIN) 6142
906 ## - LOCAL DATA ELEMENT F, LDF (RLIN)
a 7
b cbc
c copycat
d 2
e ncip
f 19
g y-genrareb
942 ## - ADDED ENTRY ELEMENTS (KOHA)
Source of classification or shelving scheme Dewey Decimal Classification
Koha item type Books
Koha issues (borrowed), all copies 3
Holdings
Withdrawn status Lost status Source of classification or shelving scheme Damaged status Not for loan Home library Current Library Shelving location Date acquired Total checkouts Full call number Barcode Date last seen Date last checked out Copy number Price effective from Koha item type
    Dewey Decimal Classification     GRACE BIBLE COLLEGE GRACE BIBLE COLLEGE Theology 2018-02-26 3 232.3 MUR 003732 2025-05-01 2020-02-25 c.1 2018-02-26 Books
© Grace Bible College Library 2025